The world's most amazing book: (Record no. 7573)

000 -LEADER
fixed length control field 00599nam a2200181 a 4500
001 - CONTROL NUMBER
control field :::00005334$&:&@@
003 - CONTROL NUMBER IDENTIFIER
control field OkBaRHE
005 - DATE AND TIME OF LATEST TRANSACTION
control field 20000607103325.0
008 - FIXED-LENGTH DATA ELEMENTS--GENERAL INFORMATION
fixed length control field s1959 j 000 0 eng u
040 ## - CATALOGING SOURCE
Transcribing agency
100 1# - MAIN ENTRY--PERSONAL NAME
Personal name Elliott, James W.
245 14 - TITLE STATEMENT
Title The world's most amazing book:
Remainder of title (introductory studies in Bible appreciation).
260 ## - PUBLICATION, DISTRIBUTION, ETC. (IMPRINT)
Place of publication, distribution, etc Butler, IN., :
Name of publisher, distributor, etc The Higley Press
Date of publication, distribution, etc c1959
300 ## - PHYSICAL DESCRIPTION
Extent 362 p. ;
Dimensions 22 cm.
650 ## - SUBJECT ADDED ENTRY--TOPICAL TERM
Topical term or geographic name as entry element Bible
General subdivision Evidences, Authority, etc.
942 ## - ADDED ENTRY ELEMENTS (KOHA)
Source of classification or shelving scheme
Koha item type Books
Copies
Date acquired Koha item type Permanent Location Barcode Not for loan Source of classification or shelving scheme Withdrawn status Date last seen Lost status Copy number Damaged status Shelving location Price effective from Full call number
2010-04-14BooksRHEMA Bible Training College5334   2010-04-14 1 General Stacks2010-04-14BT 480 .E432